[Event "Kronborg"]
[Site "Elsinore"]
[Date "1997.??.??"]
[Round "5"]
[White "Nilsson, Nils Specht"]
[Black "Auchenberg, Per"]
[Result "1-0"]
[WhiteElo "2225"]
[BlackElo "2150"]
[PlyCount "80"]
[EventDate "1997.??.??"]
[EventType "tourn"]
[EventRounds "7"]
[EventCountry "DEN"]
[Source "ChessBase"]
[SourceDate "2001.11.25"]

1. e4 c5 2. c3 Nf6 3. f3 e5 4. Bc4 Nc6 5. d3 Be7 6. Ne2 d5 7. Bb5 Qb6 8. c4 a6
9. Bxc6+ bxc6 10. Nbc3 Be6 11. Na4 Qc7 12. Qc2 O-O 13. O-O Nd7 14. g4 h6 15.
Ng3 d4 16. b3 Bg5 17. Kg2 Qd8 18. Ba3 Qe7 19. Rh1 g6 20. h4 Bf4 21. Ne2 Be3 22.
Bc1 f5 23. Bxe3 fxg4 24. Bxh6 gxf3+ 25. Kg3 fxe2 26. Bxf8 Rxf8 27. Qxe2 Nf6 28.
h5 Nxh5+ 29. Rxh5 gxh5 30. Rg1 Qg5+ 31. Kh2 Bg4 32. Qe1 Rf3 33. Rg3 Qh4+ 34.
Kg2 Qf6 35. Nxc5 Kh7 36. Rxf3 Qxf3+ 37. Kg1 Bh3 38. Qf2 Qg4+ 39. Kh2 h4 40.
Nxa6 Kg6 1-0

[Event "Kronborg"]
[Site "Elsinore"]
[Date "1997.??.??"]
[Round "3"]
[White "Nilsson, Nils Specht"]
[Black "Jorgensen, Michael"]
[Result "1/2-1/2"]
[WhiteElo "2225"]
[BlackElo "2275"]
[PlyCount "26"]
[EventDate "1997.??.??"]
[EventType "tourn"]
[EventRounds "7"]
[EventCountry "DEN"]
[Source "ChessBase"]
[SourceDate "2001.11.25"]

1. d4 f5 2. g3 Nf6 3. Bg2 g6 4. c3 Bg7 5. Qb3 Nc6 6. Nh3 e6 7. Nd2 O-O 8. Nf4
a5 9. a4 d5 10. Nd3 Ra6 11. Nf3 Ne4 12. h4 Rb6 13. Qc2 h6 1/2-1/2